1331 1554 1139 1433 1123 1063 1027 1585 1474 1188 1160 1069 1480 1266 1621 1548 1430 1417 1575 1277 1113 1959 1416 1670 1167 1166 1204 1398 1837 1231 1227 1409 1880 1227 1675 1154 1846 1931 1655 1151 1459 1151 1553 1346 1215 1847 1356 1099 1081 1691 1831 1545 1958 1939 1075 1436 1406 1196 1137 1348 1120 1795 1450 1713 1219 1287 1249 1727 1307 1819 1755 1917 1842 1120 1656 1331 1664 1254 1018 1645 1370 1289 1764 1826 1682 1453 1899 1597 1483 1719 1187 1917 1175 1965 1136 1432 1541 1126 1737 BCNSPRNW ULIB Ver.6.0+V

เปลี่ยนเป็นภาษาไทย

Change to English
 แสดงรายละเอียดบรรณานุกรม
  กลับหน้าหลัก

Brief Record : Get Marc (ISO 2709) : E-mail record : QR code < ปิดหน้าต่าง
LEADER : 00000nam 2200000uu 4500
001    13399127821
003     ULIB
008    210930s2563||||th 000 0 tha d
020 0   ^a9786164075238
060    ^aWS300^bด429C
100 0   ^aดารินทร์ ซอโสตถิกุล
245 0  ^aCase studies, blood smear and spot dianosis in pediagtric hematology /^cบรรณาธิการ ดารินทร์ ซอโสตถิกุล...[และคนอื่นๆ]
260    ^aกรุงเทพฯ:^bจุฬาลงกรณ์ฯ,^c2563
300    ^a200 หน้า:^bภาพประกอบ
650    ^apediatric hematology
650    ^aโลหิตวิทยา^xในวัยทารกและวัยเด็ก
700 0   ^aดารินทร์ ซอโสตถิกุล,^eบรรณาธิการ
700 0   ^aสุภานัน เลาหสุรโยธิน,^eบรรณาธิการ
700 0   ^aหรรษมน โพธิ์ผ่าน,^eบรรณาธิการ
945    ^p250^l0^i008303
945    ^p250^l0^i008304
945    ^p250^l0^i008305
945    ^p250^l0^i008306
945    ^p250^l0^i008307
999    ^aประนอม เกษจรัล
รายการนี้ยังไม่มีแท็ก
คุณยังไม่ได้ล็อกอิน คุณสามารถมีกิจกรรมร่วมกับเว็บไซต์ได้ แต่ต้องล็อกอินก่อน ::
  ล็อกอิน

รายการสื่อสารสนเทศ

ลำดับที่ ประเภท เลขเรียก/บาร์โค้ด สถานที่ สถานะ
1. วิทยาศาสตร์การแพทย์ และสุขภาพ
หนังสือสำรอง
สถานะ=หนังสือสำรอง
WS300 ด429C ฉ.1 
  Barcode: 008303
ห้องสมุดวิทยาเขตสวรรค์ประชารักษ์
►หนังสือทั่วไป
บนชั้น
2. วิทยาศาสตร์การแพทย์ และสุขภาพ
วิทยาศาสตร์การแพทย์ และสุขภาพ
WS300 ด429C ฉ.2 
  Barcode: 008304
ห้องสมุดวิทยาเขตสวรรค์ประชารักษ์
►หนังสือทั่วไป
บนชั้น
3. วิทยาศาสตร์การแพทย์ และสุขภาพ
วิทยาศาสตร์การแพทย์ และสุขภาพ
WS300 ด429C ฉ.3 
  Barcode: 008305
ห้องสมุดวิทยาเขตสวรรค์ประชารักษ์
►หนังสือทั่วไป
บนชั้น
4. วิทยาศาสตร์การแพทย์ และสุขภาพ
วิทยาศาสตร์การแพทย์ และสุขภาพ
WS300 ด429C ฉ.4 
  Barcode: 008306
ห้องสมุดวิทยาเขตสวรรค์ประชารักษ์
►หนังสือทั่วไป
บนชั้น
5. วิทยาศาสตร์การแพทย์ และสุขภาพ
วิทยาศาสตร์การแพทย์ และสุขภาพ
WS300 ด429C ฉ.5 
  Barcode: 008307
ห้องสมุดวิทยาเขตสวรรค์ประชารักษ์
►หนังสือทั่วไป
บนชั้น

รายการใกล้เคียง
    ผู้แต่ง [ดารินทร์ ซอโสตถิกุล]

    หัวเรื่อง [pediatric hematology]

BibComment


ยังไม่เคยถูกคอมเมนท์

คอมเมนท์ทรัพยากรรายการนี้
  คอมเมนท์: Case studies blo..


 Copyright 2026. Bcnsprnw @Library